000 00338nam a22001457a 4500
008 221021b ||||| |||| 00| 0 eng d
020 _a0830699503
041 _aeng
080 _2FIRST EDITION
_a004
082 _a004 GOO
100 _a19.2
101 _aSHK
245 _aTROUBLESHOOTING MICROPROCESSORS
_cGOODMAN R
942 _2udc
_cBK
999 _c58640
_d58640